| 000 | 00884nam a2200229Ia 4500 | ||
|---|---|---|---|
| 003 | GCL | ||
| 008 | 140319s9999 xx 000 0 ara d | ||
| 020 | _a8693215977 | ||
| 040 |
_aGCL / _cGCL |
||
| 082 | 0 | 4 |
_a155.4 _bو س |
| 100 | 1 | _aوفيق صفوت مختار | |
| 245 | 1 | 0 |
_aسيكولوجية الطفولة : _bدراسة تربوية نفسية فى الفترة من عامين الى اثنى عشر عاماً / _cوفيق صفوت مختار |
| 250 | _aالاولى | ||
| 260 |
_aالقاهرة : _bدار غريب للطباعة والنشر والتوزيع ، _c2005 |
||
| 300 |
_a335ص ؛ _c24سم |
||
| 650 | 0 | 4 | _aالامهات والابناء |
| 650 | 0 | 4 | _aالتليفزيون والاطفال |
| 650 | 0 | 4 | _aالاطفال - تربية |
| 650 | 0 | 4 | _aالطفولة - علم نفس |
| 650 | 0 | 4 | _aالاطفال - اسلوب معيشة |
| 942 |
_2ddc _cBK |
||
| 999 |
_c51221 _d51221 |
||